Największe polskie miasta 4-literowe. - Statystyki

Ogólne statystyki
  • Ten quiz został rozwiązany 56 razy
  • Średni wynik to 8 z 20
Statystyki odpowiedzi
Liczba ludności Województwo Miasto % Poprawnych
648 711 Łódzkie Łódź
96%
69 748 Wielkopolskie Piła
75%
19 284 Wielkooolskie Koło
71%
61 814 Śląskie Żory
63%
28 866 Pomorskie Reda
58%
40 417 Opolskie Nysa
56%
34 591 Lubuskie Żary
56%
17 531 Warmińsko-mazurskie Pisz
42%
27 640 Wielkopolskie Śrem
40%
15 958 Łódzkie Łask
35%
10 419 Pomorskie Puck
35%
12 944 Kujawsko-pomorskie Żnin
35%
14 333 Podlaskie Łapy
31%
8 932 Lubelskie Ryki
29%
10 669 Dolnośląskie Góra
23%
4 228 Mazowieckie Iłża
23%
17 619 Małopolskie Kęty
23%
6 320 Śląskie Łazy
19%
5 372 Kujawsko-pomorskie Nowe
19%
5217 Warmińsko-mazurskie Susz
17%
Nie znaleziono quizów pasujących do podanych kryteriów
Rozkład punktacji
Procent ludzi z każdym wynikiem
Percentyl według liczby udzielonych odpowiedzi
Twoja historia wyników
Nie rozwiązałeś tego quizu